A Shared Dream (Record no. 1885)

MARC details
000 -LEADER
fixed length control field 00314nam a22001337a 4500
008 - FIXED-LENGTH DATA ELEMENTS--GENERAL INFORMATION
fixed length control field 250107b |||||||| |||| 00| 0 eng d
020 ## - INTERNATIONAL STANDARD BOOK NUMBER
ISBN 1-55166-817-3
100 ## - MAIN ENTRY--AUTHOR
Author Krentz Ann Jayne
245 ## - TITLE STATEMENT
Title A Shared Dream
260 ## - PUBLICATION, DISTRIBUTION, ETC. (IMPRINT)
Place of publication Austratia
Name of publisher Mira Books
Date of publication 2001
300 ## - COLLATION
Pagination 344p
942 ## - ADDED ENTRY ELEMENTS (KOHA)
Item type Books
050 ## - LIBRARY OF CONGRESS CALL NUMBER
Classification number PS3561
Item number .K74
Holdings
Source of classification or shelving scheme Not for loan Permanent location Current location Date acquired Accession No. Full call number Barcode. Koha item type
Library of Congress Classification   Samuel Ogbemudia Main Library, University of Abuja Samuel Ogbemudia Main Library, University of Abuja 01/07/2025 2018/52181 PS3561,K74 2025-0019 Books